Guess the Famous People From Their Real Name - Statistics

General Stats
  • This quiz has been taken 96 times
  • The average score is 8 of 24
Answer Stats
Real Name Years Alive Country Profession Answer % Correct
Edson Arantes do Nascimento 1940-2022 Brazil Footballer(soccer) Pelé
94%
Nicolas Coppola 1964- United States Actor Nicolas Cage
65%
David Jones 1947-2016 United Kingdom Musician/ Singer-songwriter/ Actor David Bowie
55%
Richard Starkey 1940- United Kingdom Musician/ Drummer Ringo Starr
52%
Gordon Sumner 1951- United Kingdom Musician/ Singer/ Bassist/ Actor Sting
52%
Maurice Micklewhite 1933- United Kingdom Actor Michael Caine
50%
Li Lianjie 1963- China/ Singapore Actor/Martial Artist Jet Li
49%
Stacy Ann Ferguson 1975- United States Musician/ Rapper Fergie
45%
David Evans 1961- Ireland Musician/ Guitarist The Edge
43%
Lev Davidovich Bronstein 1879-1940 Ukraine/ USSR Political Theorist/ Politician/ Revolutionary Leon Trotsky
40%
Kong Qiu 551-479 BCE China Philosopher/ Politician Confucius
39%
Evangelos Papathanassiou 1943-2022 Greece Musician/ Composer Vangelis
25%
Declan MacManus 1954- United Kingdom Musician/ Singer-songwriter Elvis Costello
24%
Michael Balzary 1962- United States Musician/ Bassist Flea
23%
Ricardo Izecson dos Santos Leite 1982- Brazil Footballer(soccer) Kaká
17%
Christa Päffgen 1938-1988 Germany Musician/ Singer/ Actress/ Model Nico
16%
Ricardo Reyes 1904-1973 Chile Poet/ Diplomat/ Politican Pablo Neruda
15%
James Osterberg Jr. 1947- United States Musician/ Singer/ Actor Iggy Pop
14%
Charles Thompson IV 1965- United States Musician/ Singer/ Guitarist Black Francis
13%
Carlton Ridenhour 1960- United States Musician/ Rapper Chuck D
10%
Susan Ballion 1957- United Kingdom Musician/ Singer Siouxsie Sioux
9%
Adrian Thaws 1968- United Kingdom Musician/ Rapper/ Music Producer Tricky
8%
John Wilson 1917-1993 United Kingdom Writer/ Author/ Composer Anthony Burgess
5%
Sin Kam-hei (冼錦熙) 1955- China Actor/ Martial Artist Gordon Liu
3%
No matching quizzes found
Score Distribution
Percent of People with Each Score
Percentile by Number Answered
Your Score History
You have not taken this quiz